MARC details
| 000 -CABECERA |
| campo de control de longitud fija |
01927nam a2200289 a 4500 |
| 001 - NÚMERO DE CONTROL |
| campo de control |
000000303 |
| 005 - FECHA Y HORA DE LA ÚLTIMA TRANSACCIÓN |
| campo de control |
20240226140809.0 |
| 008 - DATOS DE LONGITUD FIJA--INFORMACIÓN GENERAL |
| campo de control de longitud fija |
081128s2008 dr 000 0 spa d |
| 020 ## - NÚMERO INTERNACIONAL ESTÁNDAR DEL LIBRO |
| ISBN cancelado o inválido |
9993461644 |
| 020 ## - NÚMERO INTERNACIONAL ESTÁNDAR DEL LIBRO |
| ISBN cancelado o inválido |
9789993461647 |
| 040 ## - FUENTE DE LA CATALOGACIÓN |
| Centro catalogador/agencia de origen |
DO-SdBNP |
| Lengua de catalogación |
spa |
| Centro/agencia transcriptor |
BNPHU |
| 082 ## - NÚMERO DE LA CLASIFICACIÓN DECIMAL DEWEY |
| Número de clasificación |
306.8 |
| Número de documento/Ítem |
D919i, 2008 |
| 100 1# - ENTRADA PRINCIPAL--NOMBRE DE PERSONA |
| Nombre de persona |
Dunker L., José, |
| Fechas asociadas al nombre |
1943- |
| 9 (RLIN) |
1027 |
| 245 10 - MENCIÓN DE TÍTULO |
| Título |
Iguales y diferentes : |
| Resto del título |
un estudio sobre cuestiones de género, matrimonio y familia / |
| Mención de responsabilidad, etc. |
José Dunker L. ; prólogo Bienvenida González de Ortíz. |
| 250 ## - MENCIÓN DE EDICIÓN |
| Mención de edición |
2a. ed. revisada y corregida. |
| 260 ## - PUBLICACIÓN, DISTRIBUCIÓN, ETC. |
| Lugar de publicación, distribución, etc. |
Santo Domingo : |
| Nombre del editor, distribuidor, etc. |
Búho, |
| Fecha de publicación, distribución, etc. |
2008. |
| 300 ## - DESCRIPCIÓN FÍSICA |
| Extensión |
97 p. ; |
| Dimensiones |
22 cm. |
| 504 ## - NOTA DE BIBLIOGRAFÍA, ETC. |
| Nota de bibliografía, etc. |
Bibliografía: p.95-97. |
| 505 0# - NOTA DE CONTENIDO CON FORMATO |
| Nota de contenido con formato |
Prólogo / |
| Mención de responsabilidad |
Bienvenida González Ortíz -- |
| Título |
Introducción -- |
| -- |
Fundamentos bíblicos-teológicos : |
| -- |
El proyecto original de familia -- |
| -- |
Del compañerismo a la polarización -- |
| -- |
La familia bajo Moisés -- |
| -- |
El matrimonio bajo Moisés -- |
| -- |
Cristo restaura el proyecto original -- |
| -- |
Iguales y diferentes en el matrimonio -- |
| -- |
Iguales en dones y ministerios -- |
| -- |
Diferencia de roles -- |
| -- |
Validación en las ciencias : |
| -- |
Las bases biológicas -- |
| -- |
Las bases sociológicas -- |
| -- |
Las bases psicológicas -- |
| -- |
Las bases antropológicas -- |
| -- |
Sexo y temperamento en sociedades primitivas -- |
| -- |
Las bases teológicas -- |
| -- |
Aplicaciones prácticas : |
| -- |
La cuestión homosexual -- |
| -- |
¿Quién manda en la casa? -- |
| -- |
Dios, ¿Padre o madre? -- |
| -- |
Biblia y modelo sistémico-familiar -- |
| -- |
Prioridad de la familia -- |
| -- |
¿Machismo o feminismo? -- |
| -- |
Bibliografía. |
| 590 ## - NOTA LOCAL (RLIN) |
| Nota local |
Inventariado, 2018/DG |
| 650 #4 - PUNTO DE ACCESO ADICIONAL DE MATERIA--TÉRMINO DE MATERIA |
| Término de materia o nombre geográfico como elemento de entrada |
Matrimonio |
| Subdivisión general |
Aspectos morales |
| Subdivisión de forma |
ENSAYOS, CONFERENCIAS, ETC. |
| 9 (RLIN) |
1028 |
| 650 #4 - PUNTO DE ACCESO ADICIONAL DE MATERIA--TÉRMINO DE MATERIA |
| Término de materia o nombre geográfico como elemento de entrada |
Familia |
| Subdivisión de forma |
ENSAYOS, CONFERENCIAS, ETC. |
| 9 (RLIN) |
1029 |
| 650 #4 - PUNTO DE ACCESO ADICIONAL DE MATERIA--TÉRMINO DE MATERIA |
| Término de materia o nombre geográfico como elemento de entrada |
Roles (sociología) |
| Subdivisión de forma |
ENSAYOS, CONFERENCIAS, ETC. |
| 9 (RLIN) |
1030 |
| 650 #4 - PUNTO DE ACCESO ADICIONAL DE MATERIA--TÉRMINO DE MATERIA |
| Término de materia o nombre geográfico como elemento de entrada |
Sexo en el matrimonio |
| Subdivisión de forma |
ENSAYOS, CONFERENCIAS, ETC. |
| 9 (RLIN) |
1032 |
| 700 1# - PUNTO DE ACCESO ADICIONAL--NOMBRE DE PERSONA |
| Nombre de persona |
González de Ortíz, Bienvenida, |
| Término indicativo de función/relación |
pról. |
| 9 (RLIN) |
1033 |
| 910 ## - DATOS DE OPCIÓN DEL USUARIO (OCLC) |
| Datos de opción del usuario |
Validado. Control de calidad EMS |